00383 a2200145 4500003000400000005001700004008004100021020001800062040000900080082001500089100002200104245006900126260003300195300000900228OSt20231103121859.0231103b |||||||| |||| 00| 0 eng d a9789391600143 coclc a297bSHE/I aSheriff, Musthafa aIslamum Padinjarum: Deridayumayi Sambhasanam /cMusthafa Sheriff aKerala:bOther Books,c2021. a128p